000
00255nam a22001217a 4500
008
170502b xxu||||| |||| 00| 0 eng d
041
_a
eng
080
_a
342
100
_a
14
101
_a
SHJ
245
_a
ART OF ADVOCACY
_c
SMITH, L.J
942
_2
udc
_c
BK
999
_c
12357
_d
12357